[Event "Mittelfrank Regionalliga Nord-Ost 2122"]
[Site "Mittelfranken"]
[Date "2021.10.24"]
[Round "1.7"]
[White "Kestler, Dirk"]
[Black "Auer, Guenther"]
[Result "1/2-1/2"]
[WhiteElo "1824"]
[BlackElo "1896"]
[PlyCount "38"]
[EventDate "2021.10.24"]
[EventType "team-tourn"]
[EventRounds "9"]
[EventCountry "GER"]
[SourceTitle "EXT 2024"]
[Source "ChessBase"]
[SourceDate "2023.10.10"]
[SourceVersion "1"]
[SourceVersionDate "2023.10.10"]
[SourceQuality "1"]
[WhiteTeam "Heng Postbauer"]
[BlackTeam "Altensittenbach"]
[WhiteTeamCountry "GER"]
[BlackTeamCountry "GER"]

1. d4 e6 2. Nf3 f5 3. e4 fxe4 4. Ng5 Nf6 5. f3 exf3 6. Qxf3 Nc6 7. Be3 Nb4 8. Na3 Be7 9. c3 Nbd5 10. Bd3 Nxe3 11. Qxe3 Nd5 12. Nxh7 Rxh7 13. Bg6+ Kf8 14. Qf3+ Kg8 15. Qf7+ Kh8 16. Bxh7 Kxh7 17. 0-0 Bg5 18. Nc4 d6 19. Rf3 Qe7 1/2-1/2

[Event "Regionalliga Nord-Ost 1718"]
[Site "Bayern"]
[Date "2017.12.10"]
[Round "4.6"]
[White "Auer, Guenther"]
[Black "Sanner, Christoph"]
[Result "0-1"]
[WhiteElo "1956"]
[BlackElo "1869"]
[PlyCount "72"]
[EventDate "2017.10.22"]
[EventType "team-tourn"]
[EventRounds "9"]
[EventCountry "GER"]
[SourceTitle "EXT 2022"]
[Source "ChessBase"]
[SourceDate "2021.10.06"]
[SourceVersion "1"]
[SourceVersionDate "2021.10.06"]
[SourceQuality "1"]
[WhiteTeam "Altensittenbach"]
[BlackTeam "Weiden"]
[WhiteTeamCountry "GER"]
[BlackTeamCountry "GER"]

1. d4 f5 2. Nc3 Nf6 3. Bg5 e6 4. e4 fxe4 5. Nxe4 Be7 6. Bxf6 Bxf6 7. Nf3 b6 8. Bd3 Bb7 9. Qe2 c5 10. Nd6+ Ke7 11. Nxb7 Qc7 12. Be4 Nc6 13. d5 exd5 14. Bxd5+ Kf8 15. 0-0 Re8 16. Qd2 Qxb7 17. Rfe1 Qc7 18. Ng5 Ne5 19. Ne4 Re7 20. Nxf6 gxf6 21. Qh6+ Ke8 22. f4 Ng6 23. Qg7 Qd6 24. Bf7+ Kd8 25. f5 Rhe8 26. Rxe7 Qxe7 27. fxg6 Qe3+ 28. Kf1 Qf4+ 29. Kg1 Re2 30. Rf1 Qe3+ 31. Kh1 Qf2 32. Rg1 Re1 33. Qxf6+ Qxf6 34. Rxe1 hxg6 35. Bd5 Qf2 36. c4 Qxe1# 0-1

[Event "Regionalliga Nord-Ost 1718"]
[Site "Bayern"]
[Date "2017.11.12"]
[Round "2.6"]
[White "Auer, Guenther"]
[Black "Mueller, Ralf Reiner"]
[Result "1/2-1/2"]
[WhiteElo "1956"]
[BlackElo "1947"]
[PlyCount "39"]
[EventDate "2017.10.22"]
[EventType "team-tourn"]
[EventRounds "9"]
[EventCountry "GER"]
[SourceTitle "EXT 2022"]
[Source "ChessBase"]
[SourceDate "2021.10.06"]
[SourceVersion "1"]
[SourceVersionDate "2021.10.06"]
[SourceQuality "1"]
[WhiteTeam "Altensittenbach"]
[BlackTeam "Erlangen SC II"]
[WhiteTeamCountry "GER"]
[BlackTeamCountry "GER"]

1. d4 Nf6 2. c4 g6 3. Nc3 d5 4. Bg5 Ne4 5. Qc1 Nxg5 6. Qxg5 dxc4 7. Qe5 f6 8. Qb5+ c6 9. Qxc4 b5 10. Qd3 Qa5 11. Nf3 Ba6 12. Qd2 Nd7 13. e3 e6 14. Be2 b4 15. Ne4 Bxe2 16. Kxe2 Rd8 17. Rhd1 Kf7 18. Kf1 Nc5 19. Nxc5 Bxc5 20. Qc2 1/2-1/2

[Event "Regionalliga NO 1617"]
[Site "Bayern"]
[Date "2017.03.19"]
[Round "7.6"]
[White "Kalous, Miroslav"]
[Black "Auer, Guenther"]
[Result "1-0"]
[WhiteElo "1966"]
[BlackElo "1987"]
[PlyCount "45"]
[EventDate "2016.10.16"]
[EventType "team-tourn"]
[EventRounds "9"]
[EventCountry "GER"]
[SourceTitle "EXT 2019"]
[Source "ChessBase"]
[SourceDate "2018.10.10"]
[SourceVersion "1"]
[SourceVersionDate "2018.10.10"]
[SourceQuality "1"]
[WhiteTeam "Windischeschenbach"]
[BlackTeam "Altensittenbach"]
[WhiteTeamCountry "GER"]
[BlackTeamCountry "GER"]

1. d4 c5 2. Nf3 cxd4 3. Nxd4 d5 4. Bf4 Nc6 5. Nc3 a6 6. e4 dxe4 7. Nxc6 Qxd1+ 8. Rxd1 bxc6 9. Bc7 Bf5 10. Bxa6 f6 11. Bb7 Ra7 12. Bxc6+ Kf7 13. Nb5 Ra6 14. Bb7 Ra4 15. a3 e3 16. b3 Rh4 17. Bg3 Rh6 18. Nd4 e6 19. Nxf5 exf5 20. b4 exf2+ 21. Kxf2 g5 22. Bd6 Rh4 23. g3 1-0

[Event "Regionalliga NO 1516"]
[Site "Bayern"]
[Date "2015.12.13"]
[Round "4.6"]
[White "Liess, Marcus"]
[Black "Auer, Guenther"]
[Result "0-1"]
[WhiteElo "1917"]
[BlackElo "1987"]
[PlyCount "64"]
[EventDate "2015.10.11"]
[EventType "team-tourn"]
[EventRounds "9"]
[EventCountry "GER"]
[SourceTitle "EXT 2018"]
[Source "ChessBase"]
[SourceDate "2017.10.13"]
[SourceVersion "1"]
[SourceVersionDate "2017.10.13"]
[SourceQuality "1"]
[WhiteTeam "Regensburg Turnerschaft"]
[BlackTeam "Altensittenbach"]
[WhiteTeamCountry "GER"]
[BlackTeamCountry "GER"]

1. e4 e6 2. d4 d5 3. Nc3 Nf6 4. Bg5 Bb4 5. Bd3 c5 6. e5 h6 7. Bxf6 gxf6 8. Nf3 Nc6 9. a3 Bxc3+ 10. bxc3 c4 11. Bf1 fxe5 12. dxe5 Qc7 13. Qe2 Qb6 14. 0-0-0 Bd7 15. Nd4 0-0-0 16. f4 Kb8 17. g3 Rc8 18. Qe3 Qa5 19. Nf3 Qxa3+ 20. Kd2 Rhd8 21. Bg2 b6 22. Rb1 Kc7 23. Rhd1 Qc5 24. Qe2 a5 25. Ke1 a4 26. Qd2 Ra8 27. Ra1 a3 28. Ra2 Ra6 29. f5 b5 30. Rb1 Rb8 31. fxe6 fxe6 32. Qxh6 b4 0-1

[Event "Regionalliga NO 1415"]
[Site "Bayern"]
[Date "2015.02.01"]
[Round "6.7"]
[White "Auer, Guenther"]
[Black "Fiedler, Wolfgang"]
[Result "1/2-1/2"]
[WhiteElo "1987"]
[BlackElo "1959"]
[PlyCount "43"]
[EventDate "2014.10.19"]
[EventType "team-tourn"]
[EventRounds "9"]
[EventCountry "GER"]
[SourceTitle "EXT 2018"]
[Source "ChessBase"]
[SourceDate "2017.10.13"]
[SourceVersion "1"]
[SourceVersionDate "2017.10.13"]
[SourceQuality "1"]
[WhiteTeam "Altensittenbach"]
[BlackTeam "Zirndorf"]
[WhiteTeamCountry "GER"]
[BlackTeamCountry "GER"]

1. d4 g6 2. e4 Bg7 3. Be3 d6 4. f3 Nc6 5. Ne2 e5 6. d5 Nce7 7. Qd2 f5 8. Nbc3 Nf6 9. h3 f4 10. Bf2 g5 11. 0-0-0 h5 12. Kb1 Bd7 13. Nc1 Ng6 14. Nb3 Kf7 15. Bb5 Bxb5 16. Nxb5 a6 17. Na3 b6 18. c4 g4 19. Qe2 g3 20. Be1 Nd7 21. Bb4 Bf6 22. Nc1 1/2-1/2

[Event "Regionalliga NO 1213"]
[Site "Bayern"]
[Date "2013.03.17"]
[Round "8.6"]
[White "Auer, Guenther"]
[Black "Weber, Daniel1111"]
[Result "1/2-1/2"]
[WhiteElo "2024"]
[BlackElo "1985"]
[PlyCount "60"]
[EventDate "2012.10.14"]
[EventType "team-tourn"]
[EventRounds "9"]
[EventCountry "GER"]
[SourceTitle "EXT 2015"]
[Source "ChessBase"]
[SourceDate "2014.11.20"]
[SourceVersion "1"]
[SourceVersionDate "2014.11.20"]
[SourceQuality "1"]
[WhiteTeam "Altensittenbach"]
[BlackTeam "Bechhofen"]
[WhiteTeamCountry "GER"]
[BlackTeamCountry "GER"]

1. d4 Nf6 2. c4 g6 3. Nc3 d5 4. h4 c6 5. Nf3 Bg7 6. Bg5 Ne4 7. e3 Qa5 8. Qb3 Nd7 9. cxd5 Nxc3 10. Qxc3 Qxc3+ 11. bxc3 cxd5 12. c4 dxc4 13. Bxc4 e5 14. dxe5 Nxe5 15. Bb5+ Bd7 16. Bxd7+ Nxd7 17. Rc1 Ne5 18. Ke2 Nxf3 19. Kxf3 0-0 20. Rc7 f6 21. Bf4 Rf7 22. Rhc1 Rxc7 23. Rxc7 b5 24. Rb7 a6 25. Ke4 Rd8 26. Ra7 Rd2 27. Rxa6 Rxf2 28. Ra8+ Kf7 29. Ra7+ Kg8 30. Ra8+ Kf7 1/2-1/2

[Event "Regionalliga NO 1213"]
[Site "Bayern"]
[Date "2012.11.25"]
[Round "3.6"]
[White "Auer, Guenther"]
[Black "Sikorsky, Horst"]
[Result "1/2-1/2"]
[WhiteElo "2024"]
[BlackElo "1949"]
[PlyCount "38"]
[EventDate "2012.10.14"]
[EventType "team-tourn"]
[EventRounds "9"]
[EventCountry "GER"]
[SourceTitle "EXT 2015"]
[Source "ChessBase"]
[SourceDate "2014.11.20"]
[SourceVersion "1"]
[SourceVersionDate "2014.11.20"]
[SourceQuality "1"]
[WhiteTeam "Altensittenbach"]
[BlackTeam "Gunzenhausen"]
[WhiteTeamCountry "GER"]
[BlackTeamCountry "GER"]

1. d4 d6 2. e4 g6 3. Nc3 Bg7 4. Be3 e6 5. f4 Ne7 6. Nf3 Nd7 7. Bd3 a6 8. 0-0 0-0 9. f5 exf5 10. exf5 Nxf5 11. Bxf5 gxf5 12. Bg5 f6 13. Bf4 Re8 14. Qd3 Nf8 15. Nh4 Ng6 16. Nxf5 Bxf5 17. Qxf5 Qc8 18. Qd5+ Kh8 19. Bg3 Qg4 1/2-1/2

[Event "Regionalliga NO 1112"]
[Site "Bayern"]
[Date "2011.11.20"]
[Round "3.5"]
[White "Auer, Guenther"]
[Black "Kaiser, Harald"]
[Result "1/2-1/2"]
[WhiteElo "2017"]
[BlackElo "1986"]
[PlyCount "35"]
[EventDate "2011.10.02"]
[EventType "team-tourn"]
[EventRounds "9"]
[EventCountry "GER"]
[SourceTitle "EXT 2013"]
[Source "ChessBase"]
[SourceDate "2012.11.22"]
[SourceVersion "1"]
[SourceVersionDate "2012.11.22"]
[SourceQuality "1"]
[WhiteTeam "Altensittenbach"]
[BlackTeam "Bechhofen"]
[WhiteTeamCountry "GER"]
[BlackTeamCountry "GER"]

1. d4 d6 2. Nf3 Bg4 3. e4 Nd7 4. Be2 e5 5. dxe5 dxe5 6. Be3 Ngf6 7. Nbd2 c6 8. c3 Qc7 9. Qc2 Bc5 10. Bg5 Nh5 11. Nb3 Bd6 12. h3 Bxf3 13. Bxf3 Nhf6 14. Be3 Nf8 15. 0-0 Ne6 16. g3 0-0 17. Rad1 Rfd8 18. Bg2 1/2-1/2

[Event "Mittelfranken-chTB1 1011"]
[Site "Germany"]
[Date "2010.12.05"]
[Round "4.5"]
[White "Auer, Guenther"]
[Black "Sippl, Martin"]
[Result "1-0"]
[WhiteElo "2020"]
[BlackElo "1972"]
[PlyCount "99"]
[EventDate "2010.09.26"]
[EventType "team-tourn"]
[EventRounds "9"]
[EventCountry "GER"]
[SourceTitle "EXT 2012"]
[Source "ChessBase"]
[SourceDate "2011.11.24"]
[SourceVersion "1"]
[SourceVersionDate "2011.11.24"]
[SourceQuality "1"]
[WhiteTeam "Altensittenbach"]
[BlackTeam "Postbauer Heng"]
[WhiteTeamCountry "GER"]
[BlackTeamCountry "GER"]

1. d4 Nf6 2. c4 d6 3. Nc3 Nbd7 4. e4 c6 5. Nf3 e5 6. Be2 Be7 7. 0-0 Qc7 8. h3 h6 9. b4 0-0 10. Rb1 Re8 11. dxe5 dxe5 12. Be3 Nf8 13. Qc2 Ne6 14. Rfd1 Nd7 15. Bf1 Ndf8 16. c5 Ng5 17. Nxg5 hxg5 18. Bc4 Ng6 19. Ne2 Nf4 20. Ng3 g6 21. Rd2 Kg7 22. Rbd1 Ne6 23. Qb2 Nf4 24. h4 gxh4 25. Bxf4 Bf6 26. Rd6 Qe7 27. Be3 hxg3 28. fxg3 Bg5 29. Qf2 f5 30. Rf1 Rf8 31. Qd2 Bxe3+ 32. Qxe3 Bd7 33. Rfd1 Rad8 34. Qd2 fxe4 35. Rxd7 Rxd7 36. Qxd7 Qxd7 37. Rxd7+ Kh6 38. Rxb7 Kg5 39. b5 Kg4 40. bxc6 Kxg3 41. c7 e3 42. Rb8 Rf2 43. Bf1 Rxa2 44. c8Q e2 45. Qh3+ Kf4 46. Qf3+ Kg5 47. Bxe2 Ra1+ 48. Kh2 Ra4 49. Rf8 Rh4+ 50. Kg1 1-0

[Event "Mittelfranken-chTB1 1011"]
[Site "Germany"]
[Date "2010.11.21"]
[Round "3.6"]
[White "Auer, Guenther"]
[Black "Reichmann, Ulrich"]
[Result "1/2-1/2"]
[WhiteElo "2020"]
[BlackElo "1976"]
[PlyCount "42"]
[EventDate "2010.09.26"]
[EventType "team-tourn"]
[EventRounds "9"]
[EventCountry "GER"]
[SourceTitle "EXT 2012"]
[Source "ChessBase"]
[SourceDate "2011.11.24"]
[SourceVersion "1"]
[SourceVersionDate "2011.11.24"]
[SourceQuality "1"]
[WhiteTeam "Altensittenbach"]
[BlackTeam "Gunzenhausen"]
[WhiteTeamCountry "GER"]
[BlackTeamCountry "GER"]

1. d4 c5 2. d5 Nf6 3. c4 b5 4. cxb5 a6 5. bxa6 g6 6. Nc3 Bxa6 7. g3 d6 8. Bg2 Bg7 9. Nf3 0-0 10. 0-0 Nbd7 11. Rb1 Qc7 12. b3 Rfb8 13. Re1 Ng4 14. Qc2 Rb7 15. Bd2 Rab8 16. h3 Nge5 17. Nxe5 Nxe5 18. f4 Nd7 19. Qe4 Rb4 20. Qf3 c4 21. Ne4 R4b5 1/2-1/2

[Event "Mittelfranken-chTB1 0910"]
[Site "Mittelfranken"]
[Date "2009.11.22"]
[Round "3.6"]
[White "Auer, Guenther"]
[Black "Thiele, Heinz"]
[Result "1-0"]
[WhiteElo "2009"]
[BlackElo "2031"]
[PlyCount "75"]
[EventDate "2009.10.11"]
[EventType "team-tourn"]
[EventRounds "9"]
[EventCountry "GER"]
[SourceTitle "EXT 2011"]
[Source "ChessBase"]
[SourceDate "2010.11.26"]
[SourceVersion "1"]
[SourceVersionDate "2010.11.26"]
[SourceQuality "1"]
[WhiteTeam "Altensittenbach"]
[BlackTeam "Fuerth SF"]
[WhiteTeamCountry "GER"]
[BlackTeamCountry "GER"]

1. d4 Nf6 2. c4 c5 3. d5 b5 4. cxb5 a6 5. bxa6 Bxa6 6. Nc3 d6 7. e4 Bxf1 8. Kxf1 g6 9. g3 Bg7 10. Kg2 0-0 11. Nge2 Nbd7 12. Rb1 Qa5 13. b3 Rfb8 14. Bd2 Qa6 15. f3 Rb7 16. Qc2 Ne8 17. a4 Nc7 18. f4 e6 19. dxe6 fxe6 20. Rhe1 d5 21. exd5 exd5 22. Ng1 Qc6 23. Nf3 Rbb8 24. h4 Re8 25. h5 gxh5 26. Ng5 Nf8 27. Qf5 Bxc3 28. Qf7+ Kh8 29. Bxc3+ d4+ 30. Kf2 dxc3 31. f5 c2 32. Rbc1 Nd5 33. Re6 Rxe6 34. fxe6 Qe8 35. Qf5 Ne7 36. Qf6+ Kg8 37. Nf7 Nfg6 38. Nh6# 1-0

[Event "Mittelfranken-chTB1 0910"]
[Site "Mittelfranken"]
[Date "2009.10.11"]
[Round "1.6"]
[White "Auer, Guenther"]
[Black "Hein, Manfred"]
[Result "1/2-1/2"]
[WhiteElo "2009"]
[BlackElo "1983"]
[PlyCount "53"]
[EventDate "2009.10.11"]
[EventType "team-tourn"]
[EventRounds "9"]
[EventCountry "GER"]
[SourceTitle "EXT 2011"]
[Source "ChessBase"]
[SourceDate "2010.11.26"]
[SourceVersion "1"]
[SourceVersionDate "2010.11.26"]
[SourceQuality "1"]
[WhiteTeam "Altensittenbach"]
[BlackTeam "Gunzenhausen"]
[WhiteTeamCountry "GER"]
[BlackTeamCountry "GER"]

1. f4 d5 2. Nf3 c5 3. g3 Nc6 4. Bg2 Nf6 5. 0-0 e6 6. d3 Be7 7. Nc3 Rb8 8. e4 dxe4 9. dxe4 Qxd1 10. Rxd1 0-0 11. e5 Nd7 12. Ne4 Rd8 13. Be3 b6 14. Rd2 Nf8 15. Rxd8 Nxd8 16. Rd1 Bb7 17. Nfd2 Bd5 18. c4 Bc6 19. Nb1 Rc8 20. Nd6 Bxd6 21. Rxd6 Bxg2 22. Kxg2 Nb7 23. Rd2 Rd8 24. Rxd8 Nxd8 25. Nc3 Nc6 26. Nb5 Nd7 27. Kf3 1/2-1/2

[Event "Regionalliga NO 0809"]
[Site "Bayern"]
[Date "2009.03.15"]
[Round "8.5"]
[White "Laubert, Johannes"]
[Black "Auer, Guenther"]
[Result "1/2-1/2"]
[WhiteElo "2062"]
[BlackElo "2017"]
[PlyCount "32"]
[EventDate "2008.10.05"]
[EventType "team-tourn"]
[EventRounds "9"]
[EventCountry "GER"]
[SourceTitle "EXT 2020"]
[Source "ChessBase"]
[SourceDate "2019.10.17"]
[SourceVersion "1"]
[SourceVersionDate "2019.10.17"]
[SourceQuality "1"]
[WhiteTeam "Windischeschenbach"]
[BlackTeam "Altensittenbach"]
[WhiteTeamCountry "GER"]
[BlackTeamCountry "GER"]

1. e4 e6 2. d4 d5 3. Nd2 dxe4 4. Nxe4 Bd7 5. Nf3 Bc6 6. Bd3 Nd7 7. Qe2 Ngf6 8. Bg5 Be7 9. Bxf6 Bxf6 10. 0-0-0 Qe7 11. h4 0-0-0 12. g4 Bxe4 13. Bxe4 Qd6 14. Kb1 h6 15. Rd3 Nb6 16. Ra3 Kb8 1/2-1/2

[Event "Regionalliga NO 0708"]
[Site "Bayern"]
[Date "2008.02.17"]
[Round "6.7"]
[White "Laubert, Johannes"]
[Black "Auer, Guenther"]
[Result "1-0"]
[WhiteElo "1997"]
[BlackElo "2021"]
[PlyCount "137"]
[EventDate "2007.10.21"]
[EventType "team-tourn"]
[EventRounds "9"]
[EventCountry "GER"]
[SourceTitle "EXT 2009"]
[Source "ChessBase"]
[SourceDate "2008.11.26"]
[SourceVersion "1"]
[SourceVersionDate "2008.11.26"]
[SourceQuality "1"]
[WhiteTeam "Windischeschenbach"]
[BlackTeam "Altensittenbach"]
[WhiteTeamCountry "GER"]
[BlackTeamCountry "GER"]

1. e4 e6 2. d4 d5 3. Nd2 h6 4. c3 c5 5. exd5 exd5 6. Ngf3 Nf6 7. Bb5+ Bd7 8. Bxd7+ Nbxd7 9. 0-0 Be7 10. dxc5 Nxc5 11. Nb3 0-0 12. Be3 Nce4 13. Nbd4 Re8 14. Nf5 Bf8 15. N3d4 Kh7 16. Qf3 g6 17. Ng3 Bg7 18. Rad1 Qe7 19. Rfe1 a6 20. Nc2 Rad8 21. Bd4 Qd6 22. Bxf6 Nxf6 23. Ne3 Qe6 24. a3 Ne4 25. Ne2 Ng5 26. Qf4 Be5 27. Qb4 Ne4 28. Nd4 Qf6 29. Nf3 Qc6 30. Qa5 Bc7 31. Qb4 a5 32. Qb3 a4 33. Qc2 Ng5 34. Nxg5+ hxg5 35. Qd3 Bf4 36. Ng4 Rxe1+ 37. Rxe1 Qd6 38. g3 f5 39. Ne3 Bxe3 40. Qxe3 Qf6 41. Qe7+ Qxe7 42. Rxe7+ Kh6 43. Rxb7 d4 44. cxd4 Rxd4 45. Rb4 Rd2 46. h3 Kg7 47. Rxa4 Rxb2 48. Kg2 Rb3 49. Ra7+ Kf6 50. Ra6+ Kf7 51. a4 Ra3 52. a5 Kg7 53. Ra8 Kf6 54. a6 f4 55. a7 f3+ 56. Kh2 Kg7 57. g4 Kh7 58. Kg3 Kg7 59. h4 gxh4+ 60. Kxh4 Kh7 61. Kg5 Kg7 62. Kf4 Kh7 63. Ke5 Kg7 64. g5 Ra5+ 65. Kd6 Ra1 66. Rc8 Ra6+ 67. Rc6 Rxa7 68. Rc7+ Rxc7 69. Kxc7 1-0

[Event "Regionalliga NO 0708"]
[Site "Bayern"]
[Date "2007.10.21"]
[Round "1.7"]
[White "Woerle, Heinrich"]
[Black "Auer, Guenther"]
[Result "0-1"]
[WhiteElo "1921"]
[BlackElo "2021"]
[PlyCount "66"]
[EventDate "2007.10.21"]
[EventType "team-tourn"]
[EventRounds "9"]
[EventCountry "GER"]
[SourceTitle "EXT 2009"]
[Source "ChessBase"]
[SourceDate "2008.11.26"]
[SourceVersion "1"]
[SourceVersionDate "2008.11.26"]
[SourceQuality "1"]
[WhiteTeam "Gunzenhausen"]
[BlackTeam "Altensittenbach"]
[WhiteTeamCountry "GER"]
[BlackTeamCountry "GER"]

1. d4 d5 2. c4 Nc6 3. cxd5 Qxd5 4. Nf3 e5 5. Nc3 Bb4 6. Bd2 Bxc3 7. Bxc3 e4 8. Ne5 e3 9. fxe3 Nxe5 10. dxe5 Ne7 11. Qxd5 Nxd5 12. Kf2 Nxc3 13. bxc3 Be6 14. g3 0-0-0 15. Bg2 Rd2 16. Rhb1 b6 17. a3 Rhd8 18. e4 Rc2 19. Rc1 Rdd2 20. Bf3 Rxc1 21. Rxc1 Ra2 22. h4 Rxa3 23. Ke3 Ra5 24. Kf4 Rc5 25. g4 a5 26. g5 a4 27. Bg4 Bxg4 28. Kxg4 a3 29. Kf5 Kd7 30. h5 Ke7 31. g6 hxg6+ 32. hxg6 f6 33. Kf4 fxe5+ 0-1

[Event "Regionalliga NO 0607"]
[Site "Bayern"]
[Date "2007.02.04"]
[Round "5.7"]
[White "Auer, Guenther"]
[Black "Kappl, Peter"]
[Result "1-0"]
[WhiteElo "2029"]
[BlackElo "1955"]
[PlyCount "37"]
[EventDate "2006.10.15"]
[EventType "team-tourn"]
[EventRounds "9"]
[EventCountry "GER"]
[SourceTitle "EXT 2008"]
[Source "ChessBase"]
[SourceDate "2007.11.25"]
[SourceVersion "1"]
[SourceVersionDate "2007.11.25"]
[SourceQuality "1"]
[WhiteTeam "Altensittenbach"]
[BlackTeam "Kareth Lappersdorf"]
[WhiteTeamCountry "GER"]
[BlackTeamCountry "GER"]

1. d4 d5 2. Nf3 Nf6 3. e3 e6 4. Bd3 c5 5. c3 Be7 6. Nbd2 Nbd7 7. 0-0 0-0 8. Re1 b6 9. e4 dxe4 10. Nxe4 Bb7 11. Bf4 Nxe4 12. Bxe4 Bxe4 13. Rxe4 Nf6 14. Re1 cxd4 15. Nxd4 Nd5 16. Nc6 Qd7 17. Nxe7+ Qxe7 18. Qxd5 Rfd8 19. Qf3 1-0

[Event "Regionalliga NO 0607"]
[Site "Bayern"]
[Date "2006.10.15"]
[Round "1.7"]
[White "Auer, Guenther"]
[Black "Woerle, Heinrich"]
[Result "1-0"]
[WhiteElo "2029"]
[BlackElo "1942"]
[PlyCount "39"]
[EventDate "2006.10.15"]
[EventType "team-tourn"]
[EventRounds "9"]
[EventCountry "GER"]
[SourceTitle "EXT 2008"]
[Source "ChessBase"]
[SourceDate "2007.11.25"]
[SourceVersion "1"]
[SourceVersionDate "2007.11.25"]
[SourceQuality "1"]
[WhiteTeam "Altensittenbach"]
[BlackTeam "Gunzenhausen"]
[WhiteTeamCountry "GER"]
[BlackTeamCountry "GER"]

1. d4 d5 2. Nf3 Nf6 3. e3 e6 4. Bd3 Be7 5. Nbd2 Nbd7 6. 0-0 c5 7. c3 0-0 8. Re1 Re8 9. e4 dxe4 10. Nxe4 Nxe4 11. Rxe4 b6 12. dxc5 bxc5 13. Bf4 Bb7 14. Re3 a6 15. Qc2 Nf8 16. Rd1 Qb6 17. Ne5 Rad8 18. Nc4 Qa7 19. Bc7 Rd7 20. Bxh7+ 1-0

[Event "Mittelfrankenliga-B2a 0506"]
[Site "Germany"]
[Date "2006.04.02"]
[Round "8.1"]
[White "Kuhlmann, Christoph"]
[Black "Auer, Guenther"]
[Result "1/2-1/2"]
[WhiteElo "2097"]
[BlackElo "1973"]
[PlyCount "96"]
[EventDate "2005.10.16"]
[EventType "team"]
[EventRounds "9"]
[EventCountry "GER"]
[SourceTitle "EXT 2007"]
[Source "ChessBase"]
[SourceDate "2006.11.23"]
[SourceVersion "1"]
[SourceVersionDate "2006.11.23"]
[SourceQuality "1"]

1. c4 f5 2. Nc3 Nf6 3. g3 g6 4. Bg2 Bg7 5. h4 h6 6. d4 d6 7. d5 Na6 8. Nh3 Nc5 9. Nf4 Kf7 10. Be3 Nfe4 11. Nxe4 Nxe4 12. Bxe4 fxe4 13. Qc2 c5 14. Ne6 Bxe6 15. dxe6+ Kxe6 16. Qxe4+ Kf7 17. h5 g5 18. Qg6+ Kf8 19. Qf5+ Ke8 20. 0-0 Bf6 21. Qg6+ Kd7 22. Rfd1 Qe8 23. Qe4 Kc7 24. g4 Qc6 25. Rd5 Rae8 26. Qc2 Qd7 27. f3 Qe6 28. Bf2 Kb8 29. Rb1 Rc8 30. b4 Bd4 31. bxc5 Bxf2+ 32. Kxf2 Rxc5 33. Qb2 Qc8 34. Rxc5 Qxc5+ 35. Kf1 Qc8 36. Qg7 Qf8 37. Qd4 Qf6 38. Qd5 b6 39. a4 Rc8 40. a5 Rc5 41. Qd2 Rc6 42. Qe3 Kb7 43. Rb5 Rc5 44. Rxc5 bxc5 45. Kg2 Kc7 46. Qe4 a6 47. e3 Kd7 48. Kg3 Qc3 1/2-1/2